000 00490nam a2200205Ia 4500
008 170918s9999 xx 000 0 und d
020 _a9780531276709
050 _bB473 2014
100 _aBenoit, Peter
245 4 _aThe Panama Canal /
245 _cby Peter Benoit.
260 _aNew York :
260 _bScholastic,
260 _c2014
300 _a64 pages :
300 _bcolored illustration ;
300 _c23cm.
440 _aCornerstones of freedom.
500 _a1080
999 _c342722
_d342722